[Event "5th EuroChamp"]
[Site "?"]
[Date "2004.05.22"]
[Round "7.1"]
[White "Mamedyarov, Shakhriyar"]
[Black "Aronian, Levon"]
[Result "1/2-1/2"]
[WhiteElo "2657"]
[BlackElo "2645"]
[PlyCount "29"]
[EventDate "2004.??.??"]

1. d4 e6 2. c4 Nf6 3. Nc3 Bb4 4. e3 O-O 5. Nge2 d5 6. a3 Be7 7. Ng3 c5 8. dxc5
dxc4 9. Bxc4 Qxd1+ 10. Kxd1 Bxc5 11. Ke2 a6 12. Rd1 b5 13. Bd3 Nbd7 14. Nge4
Bb7 15. b4 1/2-1/2

[Event "5th EuroChamp"]
[Site "?"]
[Date "2004.05.22"]
[Round "7.2"]
[White "Kempinski, Robert"]
[Black "Navara, David"]
[Result "0-1"]
[WhiteElo "2586"]
[BlackElo "2602"]
[PlyCount "84"]
[EventDate "2004.??.??"]

1. d4 Nf6 2. c4 e6 3. Nf3 b6 4. e3 Bb7 5. Bd3 c5 6. O-O Be7 7. Nc3 cxd4 8. exd4
d5 9. cxd5 Nxd5 10. Bb5+ Bc6 11. Qb3 Nxc3 12. bxc3 O-O 13. c4 a6 14. Bxc6 Nxc6
15. Be3 Bf6 16. Rab1 Rb8 17. Qa4 Nxd4 18. Bxd4 Bxd4 19. Rbd1 e5 20. Nxe5 Qc7
21. Rxd4 Qxe5 22. Rd5 Qe6 23. Qxa6 Ra8 24. Qb5 Rxa2 25. Qb3 Re2 26. h3 g6 27.
Qb4 Rc8 28. Rd6 Rb2 29. Qa3 Qe2 30. Rd4 b5 31. c5 Rc2 32. Rd5 Qe4 33. Rfd1 Qf4
34. Rf1 b4 35. Qa5 b3 36. Rd8+ Rxd8 37. Qxd8+ Kg7 38. Qb6 b2 39. c6 Qf6 40. Re1
Qxc6 41. Qd4+ Qf6 42. Qe3 Qc3 0-1

[Event "5th EuroChamp"]
[Site "?"]
[Date "2004.05.22"]
[Round "7.3"]
[White "Anastasian, Ashot"]
[Black "Nyback, Tomi"]
[Result "1/2-1/2"]
[WhiteElo "2584"]
[BlackElo "2545"]
[PlyCount "125"]
[EventDate "2004.??.??"]

1. d4 Nf6 2. c4 e6 3. Nf3 b6 4. Nc3 Bb7 5. a3 d5 6. cxd5 Nxd5 7. Bd2 Nd7 8. Qc2
c5 9. Nxd5 Bxd5 10. e4 Bb7 11. Bc3 cxd4 12. Nxd4 a6 13. g3 Be7 14. Bg2 O-O 15.
O-O Qc7 16. Qe2 Rac8 17. Rfd1 Rfd8 18. Nb3 Bf6 19. Rac1 Qb8 20. Bxf6 Nxf6 21.
Rxd8+ Rxd8 22. Qe3 Ba8 23. f3 Nd7 24. Bf1 a5 25. Be2 Ne5 26. Nd4 Rc8 27. Kf2 h6
28. Rxc8+ Qxc8 29. Nb5 Qd8 30. Qc3 Nc6 31. e5 Ne7 32. Nd6 Kf8 33. f4 Bc6 34. h4
Qd7 35. Bd3 Qa7 36. Bc2 Qd7 37. Bd3 Qa7 38. Be2 Qa8 39. Qe3 Qb8 40. Nc4 Nd5 41.
Qd4 Qc7 42. Bf3 Kg8 43. Nd6 Ne7 44. Qc4 Qd7 45. Bxc6 Nxc6 46. Qa6 f6 47. Qc8+
Qxc8 48. Nxc8 fxe5 49. Nxb6 exf4 50. gxf4 Kf7 51. Kf3 Kg6 52. Nc4 Kh5 53. Kg3
g5 54. hxg5 hxg5 55. b3 Nd4 56. Nxa5 g4 57. Nc4 Nxb3 58. a4 Nd4 59. Kf2 Kh4 60.
a5 g3+ 61. Kf1 Kg4 62. a6 Nb5 63. Kg2 1/2-1/2

[Event "5th EuroChamp"]
[Site "?"]
[Date "2004.05.22"]
[Round "7.4"]
[White "Ivanchuk, Vassily"]
[Black "Miroshnichenko, Evgenij"]
[Result "1-0"]
[WhiteElo "2716"]
[BlackElo "2599"]
[PlyCount "89"]
[EventDate "2004.??.??"]

1. e4 c5 2. Nf3 d6 3. d4 Nf6 4. Nc3 cxd4 5. Nxd4 Nc6 6. Bg5 Qb6 7. Be3 a6 8.
Qd2 Nxd4 9. Bxd4 Qc6 10. Bd3 e5 11. Be3 Be6 12. f4 exf4 13. Bd4 Be7 14. Qxf4
O-O 15. O-O-O Rac8 16. Rhf1 Nd7 17. Nd5 Bd8 18. c3 Ne5 19. Bxe5 dxe5 20. Qxe5
Re8 21. Kb1 Bxd5 22. exd5 Rxe5 23. dxc6 bxc6 24. Bxa6 Rb8 25. Rd6 Rd5 26. Rd1
Bf6 27. Kc2 Rc5 28. Rd7 g6 29. Rf1 Kg7 30. a3 h5 31. Rf4 Rf8 32. Bc4 g5 33. Re4
g4 34. a4 Rf5 35. Re2 Rf4 36. Bb3 Rf5 37. Rb7 Kg6 38. Bc4 Kg5 39. Rxf7 Rxf7 40.
Bxf7 Bxc3 41. Kxc3 Rxf7 42. b4 h4 43. a5 g3 44. hxg3 hxg3 45. a6 1-0

[Event "5th EuroChamp"]
[Site "?"]
[Date "2004.05.22"]
[Round "7.5"]
[White "Minasian, Artashes"]
[Black "Gurevich, Mikhail"]
[Result "1/2-1/2"]
[WhiteElo "2585"]
[BlackElo "2672"]
[PlyCount "27"]
[EventDate "2004.??.??"]

1. Nf3 d6 2. d4 f5 3. b3 g6 4. Bb2 Bg7 5. Nbd2 Nf6 6. e3 O-O 7. c4 e5 8. dxe5
Ng4 9. c5 Nc6 10. cxd6 cxd6 11. Nc4 Ngxe5 12. Nfxe5 dxe5 13. Be2 Be6 14. Rf1
1/2-1/2

[Event "5th EuroChamp"]
[Site "?"]
[Date "2004.05.22"]
[Round "7.6"]
[White "Radjabov, Teimour"]
[Black "Istratescu, Andrei"]
[Result "1/2-1/2"]
[WhiteElo "2670"]
[BlackElo "2587"]
[PlyCount "84"]
[EventDate "2004.??.??"]

1. d4 Nf6 2. c4 e6 3. Nc3 Bb4 4. e3 b6 5. f3 c5 6. d5 O-O 7. e4 b5 8. e5 Ne8 9.
dxe6 fxe6 10. cxb5 a6 11. f4 axb5 12. Bd3 c4 13. Bc2 d5 14. Nf3 Nc6 15. Be3 d4
16. Bxd4 Nxd4 17. Qxd4 Qxd4 18. Nxd4 Rxf4 19. Ndxb5 Bb7 20. g3 Rf3 21. O-O-O
Bxc3 22. Nxc3 Rxc3 23. bxc3 Bxh1 24. Rxh1 Rxa2 25. Rd1 Ra5 26. Rd8 Kf8 27. Rc8
Ke7 28. Rxc4 Rxe5 29. Kd2 Rd5+ 30. Ke3 Nf6 31. Be4 Nxe4 32. Rxe4 Rd1 33. c4 g5
34. h4 h6 35. hxg5 hxg5 36. c5 Rd5 37. Rc4 Kd7 38. c6+ Kc7 39. Kf3 Rd6 40. Kg4
Rxc6 41. Re4 Kd6 42. Kxg5 Kd5 1/2-1/2

[Event "5th EuroChamp"]
[Site "?"]
[Date "2004.05.22"]
[Round "7.7"]
[White "Izoria, Zviad"]
[Black "Jobava, Baadur"]
[Result "1/2-1/2"]
[WhiteElo "2573"]
[BlackElo "2616"]
[PlyCount "54"]
[EventDate "2004.??.??"]

1. e4 c5 2. Ne2 d6 3. d4 Nf6 4. Nbc3 cxd4 5. Nxd4 a6 6. Be3 Ng4 7. Bc1 Nf6 8.
Bg5 e6 9. f4 Nbd7 10. Qf3 Qc7 11. O-O-O b5 12. e5 Bb7 13. Qh3 dxe5 14. Nxe6
fxe6 15. Qxe6+ Be7 16. Bxb5 axb5 17. Nxb5 Qc6 18. Nd6+ Kd8 19. fxe5 Kc7 20.
Qxe7 Rxa2 21. Bxf6 Ra1+ 22. Kd2 Qd5+ 23. Ke2 Qxg2+ 24. Ke3 Qf3+ 25. Kd2 Qd5+
26. Ke2 Ba6+ 27. c4 Bb7 1/2-1/2

[Event "5th EuroChamp"]
[Site "?"]
[Date "2004.05.22"]
[Round "7.8"]
[White "Andersson, Ulf"]
[Black "Sargissisan, Gabriel"]
[Result "1/2-1/2"]
[WhiteElo "2570"]
[BlackElo "2614"]
[PlyCount "20"]
[EventDate "2004.??.??"]

1. Nf3 Nf6 2. c4 e6 3. d4 d5 4. Nc3 Bb4 5. cxd5 exd5 6. Bg5 h6 7. Bxf6 Qxf6 8.
Rc1 O-O 9. a3 Bxc3+ 10. Rxc3 c6 1/2-1/2

[Event "5th EuroChamp"]
[Site "?"]
[Date "2004.05.22"]
[Round "7.9"]
[White "Stefansson, Hannes"]
[Black "Krasenkow, Michal"]
[Result "0-1"]
[WhiteElo "2567"]
[BlackElo "2609"]
[PlyCount "138"]
[EventDate "2004.??.??"]

1. d4 Nf6 2. c4 g6 3. f3 e5 4. dxe5 Nh5 5. Nh3 Nc6 6. Bg5 Be7 7. Bxe7 Qxe7 8.
g4 Ng7 9. Nc3 Nxe5 10. Nd5 Qh4+ 11. Nf2 Ne6 12. e3 h5 13. gxh5 Rxh5 14. f4 c6
15. Nc3 Nxf4 16. exf4 Qxf4 17. Be2 Qe3 18. Nce4 Rh4 19. Qd6 Nxc4 20. Qf6 Rf4
21. Qh8+ Ke7 22. b3 d5 23. bxc4 Qxe2+ 24. Kxe2 Bg4+ 25. Ke3 Rf3+ 26. Kd4 Rxh8
27. Nxg4 dxe4 28. Ne5 Ra3 29. h4 Rd8+ 30. Kxe4 f5+ 31. Kf4 Rd4+ 32. Kg5 Rg3+
33. Kh6 Kf6 34. Rae1 f4 35. Rhf1 Kf5 36. Nf3 Rd3 37. Re5+ Kf6 38. Rfe1 Rdxf3
39. Re6+ Kf5 40. R1e5+ Kg4 41. Rxg6+ Kh3 42. h5 Re3 43. Rf5 f3 44. Kg7 Re7+ 45.
Kf8 Rd7 46. Rff6 Rh7 47. Rf5 f2 48. Rxf2 Rxh5 49. Rxg3+ Kxg3 50. Rf7 Ra5 51.
Rxb7 Kf4 52. Rc7 c5 53. Ke7 Ke4 54. Rd7 Ra4 55. Kd8 Rxc4 56. Rxa7 Rd4+ 57. Kc7
c4 58. Kb6 c3 59. Rc7 Kd3 60. Kb5 Rd8 61. a4 Rb8+ 62. Ka6 c2 63. a5 Rb4 64.
Rxc2 Kxc2 65. Ka7 Kb3 66. a6 Ka4 67. Ka8 Ka5 68. a7 Kb6 69. Kb8 Ka6+ 0-1

[Event "5th EuroChamp"]
[Site "?"]
[Date "2004.05.22"]
[Round "7.11"]
[White "Grunberg, Mihai-Lucian"]
[Black "Nikolic, Predrag"]
[Result "0-1"]
[WhiteElo "2401"]
[BlackElo "2648"]
[PlyCount "122"]
[EventDate "2004.??.??"]

1. c4 e5 2. Nc3 Nc6 3. g3 g6 4. Bg2 Bg7 5. d3 f5 6. e4 d6 7. Nge2 Nf6 8. O-O
O-O 9. h3 Be6 10. exf5 gxf5 11. Bg5 Qd7 12. Kh2 Kh8 13. Qd2 Rae8 14. b3 Ng8 15.
Be3 f4 16. gxf4 Nd4 17. Bxd4 exd4 18. Ne4 Ne7 19. c5 d5 20. Ng5 Bg8 21. Rae1
Ng6 22. Nf3 Rxe2 23. Qxe2 Qf5 24. Ng1 Qxf4+ 25. Kh1 Ne5 26. Qd1 Be6 27. Qc1
Qxc1 28. Rxc1 Nxd3 29. Rc2 Nf4 30. Rcc1 d3 31. Rfd1 Bf5 32. c6 b6 33. Bf3 Bb2
34. Rb1 Bc3 35. b4 d2 36. Rb3 d4 37. Ra3 Bc2 38. Rxa7 Rf7 39. Rf1 Bxb4 40. Ra8+
Kg7 41. Rd8 Bc5 42. Rd7 Kf6 43. Bd1 Be4+ 44. Bf3 Bf5 45. Rxf7+ Kxf7 46. Rd1 Bb4
47. a3 Bc3 48. Kh2 Bc2 49. Rf1 d3 50. Bd1 Ke6 51. Kg3 Kf5 52. Bg4+ Ke4 53. Bf3+
Ke5 54. Bd1 h6 55. Kg4 Ba5 56. h4 Ne2 57. f4+ Nxf4 58. Nf3+ Ke4 59. Ng5+ hxg5
60. Kxg5 Nh3+ 61. Kg6 Bxd1 0-1

[Event "5th EuroChamp"]
[Site "?"]
[Date "2004.05.22"]
[Round "7.12"]
[White "Mastrovasilis, Athanasios"]
[Black "Asrian, Karen"]
[Result "0-1"]
[WhiteElo "2488"]
[BlackElo "2605"]
[PlyCount "130"]
[EventDate "2004.??.??"]

1. d4 e6 2. c4 d5 3. Nf3 Nf6 4. Nc3 c6 5. Bg5 Nbd7 6. cxd5 exd5 7. e3 Be7 8.
Qc2 O-O 9. Bd3 Re8 10. h3 Nf8 11. Bf4 Be6 12. O-O Rc8 13. a3 Bd6 14. Bxd6 Qxd6
15. b4 Ng6 16. Rab1 Bd7 17. Rfe1 Re7 18. a4 Rce8 19. b5 Ne4 20. bxc6 bxc6 21.
Rb7 a5 22. Reb1 f5 23. Ne2 Bc8 24. R7b6 Bd7 25. g3 h6 26. h4 Nf6 27. Nf4 Nxf4
28. exf4 Ng4 29. Ne5 Nxe5 30. fxe5 Qg6 31. Qd2 Qh5 32. Be2 Qf7 33. f4 Ra8 34.
Rb8+ Re8 35. R8b7 Red8 36. Qc3 Qf8 37. Qc5 Qxc5 38. dxc5 Be6 39. Re7 Re8 40.
Rbb7 Rxe7 41. Rxe7 Bf7 42. e6 Be8 43. Rb7 Kh7 44. h5 d4 45. Kf2 Rd8 46. e7 Rd7
47. Ba6 Rxb7 48. Bxb7 Kg8 49. Ke2 Kf7 50. Kd3 Kxe7 51. Kxd4 Kd7 52. Ke5 Bxh5
53. Kxf5 Bd1 54. Kg6 Bxa4 55. Kxg7 Bb3 56. Ba6 a4 57. Bd3 a3 58. Bb1 h5 59. Kh6
Bf7 60. Kg5 Ke7 61. f5 a2 62. f6+ Kf8 63. Bxa2 Bxa2 64. Kxh5 Kf7 65. Kg5 Bb1
0-1

[Event "5th EuroChamp"]
[Site "?"]
[Date "2004.05.22"]
[Round "7.13"]
[White "Agrest, Evgenij"]
[Black "Parligras, Mircea"]
[Result "1/2-1/2"]
[WhiteElo "2601"]
[BlackElo "2549"]
[PlyCount "153"]
[EventDate "2004.??.??"]

1. Nf3 Nf6 2. c4 c5 3. Nc3 d5 4. cxd5 Nxd5 5. d4 cxd4 6. Qxd4 Nxc3 7. Qxc3 Nc6
8. e4 e6 9. Bb5 Bd7 10. O-O Qb6 11. a4 Qc5 12. Bd2 Qxc3 13. Bxc3 f6 14. Nd2 a6
15. Be2 Bc5 16. Nb3 Ba7 17. Rfd1 Ke7 18. Rd3 Rhd8 19. Rh3 h6 20. Rg3 Kf8 21.
Kf1 Be8 22. Na5 Nxa5 23. Bb4+ Kg8 24. Bxa5 Rd7 25. Rc1 Bd4 26. Rb3 b5 27. axb5
axb5 28. Be1 Rb7 29. e5 Rbb8 30. exf6 Bxf6 31. Bc3 b4 32. Bxf6 gxf6 33. Bc4 Bf7
34. Rf3 Kg7 35. Re1 Rb6 36. Rd3 Ra7 37. f4 Rc7 38. Bb3 e5 39. Rg3+ Kf8 40. fxe5
fxe5 41. Rf3 Rb5 42. Re4 Kg7 43. Rg4+ Bg6 44. h4 Kh7 45. Rf6 Bd3+ 46. Kf2 Rg7
47. Rxg7+ Kxg7 48. Rf7+ Kg6 49. Rd7 Bf5 50. Rd6+ Kg7 51. Rc6 Rb7 52. Ke3 Rd7
53. Bc4 Rd1 54. Rc7+ Kf6 55. Rf7+ Kg6 56. Rb7 Rd4 57. Rxb4 Rxh4 58. Bf7+ Kg5
59. Rxh4 Kxh4 60. Kf2 Be4 61. b4 Kg5 62. b5 Kf6 63. Bh5 Bd5 64. g3 Ke6 65. Ke3
Kd6 66. Bf3 Bxf3 67. Kxf3 Kc5 68. Ke4 Kxb5 69. Kxe5 Kc4 70. Ke4 Kc5 71. g4 Kd6
72. Kf5 h5 73. gxh5 Ke7 74. Kg6 Kf8 75. h6 Kg8 76. h7+ Kh8 77. Kh6 1/2-1/2

[Event "5th EuroChamp"]
[Site "?"]
[Date "2004.05.22"]
[Round "7.14"]
[White "Guseinov, Gadir"]
[Black "Naiditsch, Arkadij"]
[Result "1/2-1/2"]
[WhiteElo "2548"]
[BlackElo "2571"]
[PlyCount "69"]
[EventDate "2004.??.??"]

1. e4 e5 2. Nf3 Nc6 3. Bb5 Nf6 4. d3 d6 5. O-O Be7 6. c3 O-O 7. Re1 a6 8. Ba4
b5 9. Bc2 Re8 10. Nbd2 Bf8 11. a4 Rb8 12. axb5 axb5 13. Nf1 h6 14. d4 exd4 15.
Nxd4 Bd7 16. Ng3 Ne5 17. f4 Ng6 18. Ndf5 Ra8 19. Rb1 Ra6 20. Qf3 h5 21. Be3 h4
22. Nh5 d5 23. exd5 h3 24. Nxf6+ Rxf6 25. Qxh3 Rxe3 26. Rxe3 Bc5 27. Rbe1 Bxf5
28. Bxf5 Qxd5 29. Bxg6 Rxg6 30. Kf1 Bxe3 31. Rxe3 Rh6 32. Qg3 Ra6 33. Re1 g6
34. h4 Rf6 35. Kg1 1/2-1/2

[Event "5th EuroChamp"]
[Site "?"]
[Date "2004.05.22"]
[Round "7.15"]
[White "Hulak, Krunoslav"]
[Black "Stocek, Jiri"]
[Result "1/2-1/2"]
[WhiteElo "2550"]
[BlackElo "2543"]
[PlyCount "92"]
[EventDate "2004.??.??"]

1. c4 Nf6 2. g3 c6 3. Bg2 d5 4. Nf3 Bg4 5. Ne5 Bh5 6. d4 e6 7. Nc3 Nbd7 8. Qb3
Qb6 9. f4 Be7 10. e3 Bg6 11. Nxg6 hxg6 12. Bd2 dxc4 13. Qxc4 Nd5 14. e4 Nxc3
15. bxc3 Qa5 16. a4 O-O-O 17. Qb3 g5 18. O-O gxf4 19. Bxf4 Bg5 20. e5 Bxf4 21.
Rxf4 f6 22. Rb1 Nb6 23. exf6 gxf6 24. Rxf6 Kb8 25. Rxe6 Qh5 26. h3 Qg5 27. g4
Rdf8 28. a5 Qxa5 29. Re5 Qa6 30. Re3 Qa5 31. Re2 Re8 32. Rbe1 Rxe2 33. Rxe2 Nd5
34. Bxd5 cxd5 35. Kg2 Qa6 36. Re7 Qc6 37. Re5 Qh6 38. c4 Qd2+ 39. Kg3 Qxd4 40.
Rxd5 Qg1+ 41. Kf4 Qf1+ 42. Qf3 Qxc4+ 43. Kg3 Qc7+ 44. Kg2 Qc2+ 45. Kg3 Qc7+ 46.
Kg2 Qc2+ 1/2-1/2

[Event "5th EuroChamp"]
[Site "?"]
[Date "2004.05.22"]
[Round "7.16"]
[White "Markowski, Tomasz"]
[Black "Akesson, Ralf"]
[Result "0-1"]
[WhiteElo "2605"]
[BlackElo "2476"]
[PlyCount "68"]
[EventDate "2004.??.??"]

1. g3 c5 2. Bg2 Nc6 3. c4 g6 4. Nc3 Bg7 5. Nf3 e5 6. O-O d6 7. d3 Nge7 8. a3
O-O 9. Rb1 a5 10. Bd2 Rb8 11. Qa4 b6 12. Nb5 d5 13. Rfd1 h6 14. b4 d4 15. bxc5
bxc5 16. Be1 Bb7 17. Nd2 Nc8 18. Bxc6 Bxc6 19. Nb3 Nb6 20. Qxa5 e4 21. Nxc5
exd3 22. exd3 Bf3 23. Ne4 Qd7 24. Nd2 Bxd1 25. Rxd1 Qf5 26. Nf1 Qf3 27. Qd2 Na4
28. Qc2 Nb2 29. Rd2 Rfe8 30. Qb1 Na4 31. Rd1 Nb2 32. Rd2 Na4 33. Rd1 Nc3 34.
Bxc3 dxc3 0-1

[Event "5th EuroChamp"]
[Site "?"]
[Date "2004.05.22"]
[Round "7.17"]
[White "Gashimov, Vugar"]
[Black "Jonkman, Harmen"]
[Result "1-0"]
[WhiteElo "2565"]
[BlackElo "2421"]
[PlyCount "69"]
[EventDate "2004.??.??"]

1. d4 d5 2. Nc3 Nf6 3. Bg5 Nbd7 4. f3 h6 5. Bxf6 Nxf6 6. e4 e6 7. e5 Ng8 8. f4
c5 9. Nf3 Ne7 10. dxc5 Nc6 11. Na4 Qa5+ 12. c3 Bd7 13. b3 Bxc5 14. a3 Be3 15.
b4 Qc7 16. g3 g5 17. Nc5 gxf4 18. gxf4 Bxf4 19. Nxd7 Qxd7 20. Bb5 Rg8 21. Kf2
a6 22. Bxc6 Qxc6 23. Qd4 Rg4 24. Rag1 Rxg1 25. Rxg1 Bg5 26. Nxg5 hxg5 27. Rxg5
Rc8 28. Qf4 Qb6+ 29. Kg2 f5 30. exf6 Kd7 31. Rg7+ Kc6 32. a4 Qd8 33. Qd4 Qd6
34. c4 b6 35. b5+ 1-0

[Event "5th EuroChamp"]
[Site "?"]
[Date "2004.05.22"]
[Round "7.19"]
[White "Chatalbashev, Boris"]
[Black "Soylu, Suat"]
[Result "1-0"]
[WhiteElo "2543"]
[BlackElo "2397"]
[PlyCount "115"]
[EventDate "2004.??.??"]

1. d4 d5 2. c4 c6 3. e3 Nf6 4. Nc3 g6 5. Nf3 Bg7 6. Bd3 O-O 7. O-O dxc4 8. Bxc4
Bg4 9. h3 Bxf3 10. Qxf3 Nbd7 11. Rd1 e5 12. d5 e4 13. Nxe4 Nxe4 14. Qxe4 Nb6
15. Rb1 Re8 16. Qd3 cxd5 17. Bxd5 Nxd5 18. Qxd5 Qxd5 19. Rxd5 Rad8 20. Rd2 Rxd2
21. Bxd2 Rd8 22. Be1 Rd6 23. g4 Rc6 24. a4 Rc2 25. b4 Kf8 26. b5 Ke8 27. Kg2
Bf6 28. Rb4 Ra2 29. Rc4 Kd7 30. Kf3 Bh4 31. Rd4+ Ke6 32. Re4+ Kd7 33. Rc4 Kd8
34. Kf4 Bxf2 35. Bc3 Bg1 36. Bd4 b6 37. Kg5 Ra3 38. Kf6 Bxe3 39. Kxf7 Bg5 40.
Bc3 Kd7 41. Kg7 h6 42. Kxg6 Ke6 43. Kh5 Kd5 44. Rc6 Rxa4 45. h4 Be3 46. Bg7 a6
47. Rc3 Bf4 48. bxa6 b5 49. Rd3+ Kc6 50. Rf3 Kb6 51. Bxh6 Be5 52. Re3 Bd4 53.
Re6+ Kc5 54. Be3 Kd5 55. Re8 Bxe3 56. Rxe3 Rxa6 57. g5 b4 58. g6 1-0

[Event "5th EuroChamp"]
[Site "?"]
[Date "2004.05.22"]
[Round "7.20"]
[White "Halkias, Stelios"]
[Black "Yilmaz, Turhan"]
[Result "1-0"]
[WhiteElo "2541"]
[BlackElo "2311"]
[PlyCount "121"]
[EventDate "2004.??.??"]

1. Nf3 c5 2. c4 Nc6 3. Nc3 g6 4. e3 Bg7 5. d4 d6 6. Be2 Nf6 7. O-O O-O 8. d5
Na5 9. Nd2 e6 10. a3 exd5 11. cxd5 b6 12. b4 Nb7 13. Rb1 Re8 14. e4 a6 15. Qb3
b5 16. Bb2 Bd7 17. h3 Qb6 18. Ba1 Re7 19. Kh1 Rae8 20. Bf3 h5 21. Nd1 Nh7 22.
Bxg7 Kxg7 23. Ne3 Kg8 24. Qb2 Qd8 25. h4 f5 26. exf5 gxf5 27. g3 f4 28. Ng2
fxg3 29. fxg3 Rg7 30. Ne4 Bf5 31. Rbe1 cxb4 32. axb4 Re5 33. Kh2 Bxe4 34. Rxe4
Qe8 35. Rfe1 Rge7 36. Qc2 Rxe4 37. Rxe4 Rxe4 38. Bxe4 Nf6 39. Bf3 Nd8 40. Nf4
Kf8 41. Qf5 Qf7 42. Qc8 Qe8 43. Qf5 Qf7 44. Qc2 Qe8 45. Qc7 Nf7 46. Ne6+ Kg8
47. Qb7 Ng4+ 48. Kh3 Nge5 49. Bxh5 Ng5+ 50. Kg2 Ngf7 51. Ng5 a5 52. bxa5 b4 53.
a6 Qa4 54. Bxf7+ Kh8 55. Be6 Qc2+ 56. Kh3 Qd3 57. Qc8+ Kg7 58. Qg8+ Kf6 59.
Qf8+ Kg6 60. Bf7+ Kf6 61. Qxd6+ 1-0

[Event "5th EuroChamp"]
[Site "?"]
[Date "2004.05.22"]
[Round "7.21"]
[White "Smeets, Jan"]
[Black "Bayram, Yakup"]
[Result "1-0"]
[WhiteElo "2531"]
[BlackElo "2292"]
[PlyCount "87"]
[EventDate "2004.??.??"]

1. e4 e5 2. Nf3 Nf6 3. Nxe5 d6 4. Nf3 Nxe4 5. d4 d5 6. Bd3 Nc6 7. O-O Be7 8.
Re1 Bg4 9. c3 f5 10. Qb3 O-O 11. Nbd2 Kh8 12. Qxb7 Rf6 13. Qb3 Rg6 14. Bb5 Nxd2
15. Nxd2 Bd6 16. g3 Ne7 17. Bf1 f4 18. Bg2 Rb8 19. Qc2 Nf5 20. Qd3 c6 21. Nf3
fxg3 22. hxg3 Nxg3 23. fxg3 Bxf3 24. Qxf3 Rxg3 25. Qf7 Rg4 26. Re3 Rh4 27. Rf3
Bh2+ 28. Kf1 h6 29. b3 Qd6 30. Be3 Re4 31. Bf2 Re7 32. Qh5 c5 33. Bh3 cxd4 34.
cxd4 Bf4 35. Bf5 Rf8 36. Qg6 Qxg6 37. Bxg6 Rf6 38. Bh4 Bg5 39. Rxf6 gxf6 40.
Bf2 f5 41. Re1 f4 42. Rxe7 Bxe7 43. Bf7 Kg7 44. Bxd5 1-0

[Event "5th EuroChamp"]
[Site "?"]
[Date "2004.05.22"]
[Round "7.22"]
[White "Iotov, Valentin"]
[Black "Iljushin, Alexei"]
[Result "1/2-1/2"]
[WhiteElo "2342"]
[BlackElo "2529"]
[PlyCount "69"]
[EventDate "2004.??.??"]

1. d4 e6 2. c4 f5 3. Nf3 Nf6 4. g3 c6 5. Bg2 d5 6. O-O Bd6 7. b3 Qe7 8. Bb2 b6
9. Ne5 Bb7 10. Nd2 O-O 11. Rc1 Bxe5 12. dxe5 Ne4 13. cxd5 exd5 14. f3 Nxd2 15.
Qxd2 Na6 16. e3 Rad8 17. Qe2 c5 18. f4 Nb4 19. Rfd1 a5 20. a3 Ba6 21. Qd2 Nd3
22. Rb1 Qe6 23. Qc2 c4 24. Bd4 b5 25. b4 a4 26. Bf3 Bb7 27. Qg2 g6 28. Kf1 Rf7
29. Ke2 Rg7 30. g4 Bc8 31. gxf5 Qxf5 32. Bxd5+ Be6 33. Be4 Qh5+ 34. Bf3 Qf5 35.
Be4 1/2-1/2

[Event "5th EuroChamp"]
[Site "?"]
[Date "2004.05.22"]
[Round "7.23"]
[White "Erdogdu, Mert"]
[Black "Kristjansson, Stefan"]
[Result "1-0"]
[WhiteElo "2369"]
[BlackElo "2404"]
[PlyCount "77"]
[EventDate "2004.??.??"]

1. e4 e6 2. d4 d5 3. Nc3 Nf6 4. Bg5 dxe4 5. Nxe4 Be7 6. Bxf6 gxf6 7. Qd3 Nc6 8.
O-O-O f5 9. Nc3 Nb4 10. Qd2 Nd5 11. Nge2 c6 12. Kb1 b6 13. g3 Bb7 14. Bg2 Qd7
15. f4 Nxc3+ 16. Qxc3 Bf6 17. Qa3 Be7 18. Qa4 b5 19. Qb3 O-O-O 20. c4 bxc4 21.
Qxc4 Kb8 22. Rd3 Ka8 23. Rb3 Rc8 24. Rc1 Rc7 25. a4 Rhc8 26. a5 a6 27. Rb6 Ka7
28. Rc3 Rb8 29. Rcb3 Rcc8 30. Nc3 Bf6 31. R3b4 Be7 32. Rb3 Bf6 33. R6b4 Be7 34.
Na4 Qc7 35. Rb6 h5 36. Nc5 Bxc5 37. Qxc5 Ka8 38. Bf1 Rd8 39. Bxa6 1-0

[Event "5th EuroChamp"]
[Site "?"]
[Date "2004.05.22"]
[Round "7.24"]
[White "Macieja, Bartlomiej"]
[Black "Haznedaroglu, Kivanc"]
[Result "1-0"]
[WhiteElo "2633"]
[BlackElo "2395"]
[PlyCount "85"]
[EventDate "2004.??.??"]

1. e4 c5 2. Nc3 Nc6 3. Bb5 g6 4. Bxc6 dxc6 5. d3 e5 6. f4 exf4 7. Bxf4 Bg7 8.
Nf3 Ne7 9. Qd2 O-O 10. Bh6 Bg4 11. O-O-O b5 12. h3 Be6 13. h4 Bg4 14. Bxg7 Kxg7
15. Qf4 Bxf3 16. gxf3 Qb8 17. Qe3 Qe5 18. f4 Qd4 19. Qg3 Rg8 20. f5 Kh8 21.
fxg6 Rxg6 22. Qc7 Qd6 23. Qxd6 Rxd6 24. Rdf1 Rf8 25. Rf4 f5 26. Rhf1 Rdf6 27.
Ne2 Ng6 28. Rxf5 Rxf5 29. exf5 Nxh4 30. Ng3 Rg8 31. Ne4 Rg4 32. f6 Ng6 33. Rf5
c4 34. Rc5 cxd3 35. cxd3 Kg8 36. Rxc6 Ne5 37. Rc8+ Kf7 38. Kd2 Rg2+ 39. Kc3 Rg1
40. Rc7+ Ke6 41. Rxh7 a5 42. Kd4 Nc6+ 43. Kc5 1-0

[Event "5th EuroChamp"]
[Site "?"]
[Date "2004.05.22"]
[Round "7.25"]
[White "Yeke, Serkan"]
[Black "Radulski, Julian"]
[Result "0-1"]
[WhiteElo "2238"]
[BlackElo "2497"]
[PlyCount "90"]
[EventDate "2004.??.??"]

1. Nf3 d5 2. d4 c6 3. e3 Bf5 4. c4 e6 5. Nc3 Nd7 6. h3 Bd6 7. Bd3 Bxd3 8. Qxd3
Ngf6 9. O-O O-O 10. e4 dxe4 11. Nxe4 Nxe4 12. Qxe4 a5 13. Be3 a4 14. c5 Bc7 15.
b4 Nf6 16. Qc2 Nd5 17. Rab1 h6 18. b5 f5 19. Bd2 Qf6 20. Rfe1 g5 21. Ne5 Bxe5
22. Rxe5 Rfe8 23. bxc6 bxc6 24. Rb7 Re7 25. Qb1 Kf7 26. Rxe7+ Nxe7 27. Qb7 Qh8
28. h4 gxh4 29. Qd7 Qc8 30. Qd6 Ra7 31. Re1 Ng6 32. Bxh6 Qd7 33. Rc1 Rb7 34.
Rc4 a3 35. Ra4 Qxd6 36. cxd6 Rd7 37. Rxa3 Rxd6 38. Ra7+ Ke8 39. Rg7 e5 40. dxe5
Nxe5 41. Bf4 Rd1+ 42. Kh2 Ng4+ 43. Rxg4 fxg4 44. Bg5 c5 45. Bxh4 c4 0-1

[Event "5th EuroChamp"]
[Site "?"]
[Date "2004.05.22"]
[Round "7.26"]
[White "Nedev, Trajce"]
[Black "Mamedjarova, Zeinab"]
[Result "1-0"]
[WhiteElo "2489"]
[BlackElo "2343"]
[PlyCount "41"]
[EventDate "2004.??.??"]

1. e4 d5 2. exd5 Nf6 3. d4 Nxd5 4. Nf3 Bg4 5. c4 Nb6 6. c5 N6d7 7. Bc4 e6 8. h3
Bh5 9. Nc3 Be7 10. Bf4 a6 11. Qe2 b6 12. g4 Bg6 13. O-O-O bxc5 14. dxc5 Bxc5
15. h4 h6 16. Ne5 Qf6 17. Nxg6 Qxg6 18. Bd3 Qf6 19. Nd5 Qd8 20. Nxc7+ Kf8 21.
Nxa8 1-0

[Event "5th EuroChamp"]
[Site "?"]
[Date "2004.05.22"]
[Round "7.27"]
[White "Pashikian, Arman"]
[Black "Karadeniz, Emre"]
[Result "1-0"]
[WhiteElo "2466"]
[BlackElo "2310"]
[PlyCount "48"]
[EventDate "2004.??.??"]

1. e4 e5 2. Nf3 Nc6 3. Bb5 a6 4. Ba4 Nf6 5. O-O Be7 6. Re1 b5 7. Bb3 d6 8. c3
O-O 9. d4 Bg4 10. Be3 exd4 11. cxd4 Na5 12. Bc2 c5 13. h3 Bxf3 14. Qxf3 Nc4 15.
dxc5 Nxe3 16. Rxe3 dxc5 17. e5 Ne8 18. Nc3 Nc7 19. Rd1 Qc8 20. Bf5 Ne6 21. Nd5
Ra7 22. Nf6+ Bxf6 23. exf6 g6 24. Qg4 h5 1-0

[Event "5th EuroChamp"]
[Site "?"]
[Date "2004.05.22"]
[Round "7.29"]
[White "Neubauer, Martin"]
[Black "Thorfinnsson, Bjorn"]
[Result "1/2-1/2"]
[WhiteElo "2418"]
[BlackElo "2345"]
[PlyCount "128"]
[EventDate "2004.??.??"]

1. e4 e5 2. Nf3 Nc6 3. Bb5 a6 4. Ba4 d6 5. O-O Bd7 6. c3 g6 7. d4 Bg7 8. Re1
Nge7 9. dxe5 dxe5 10. Nbd2 O-O 11. Nf1 b5 12. Bc2 Be6 13. Ng5 Qxd1 14. Rxd1 Bg4
15. Nf3 Rfd8 16. Be3 Na5 17. N1d2 Nb7 18. Nb3 Nc6 19. Nc5 Nxc5 20. Bxc5 Bf8 21.
Be3 Be6 22. Bb3 Bxb3 23. axb3 Rxd1+ 24. Rxd1 f6 25. Kf1 Bd6 26. b4 Kf7 27. Nd2
a5 28. Ra1 a4 29. Ke2 Nd8 30. b3 Nb7 31. bxa4 c5 32. a5 cxb4 33. cxb4 Bxb4 34.
Nb3 Ra6 35. Bb6 Ke7 36. Rc1 Kd6 37. h4 h5 38. f3 Ra8 39. g4 Ra6 40. Kf1 Ra8 41.
Kg2 Ra6 42. Kh3 Bxa5 43. Bxa5 Nxa5 44. Ra1 Kc6 45. Rxa5 Rxa5 46. Nxa5+ Kb6 47.
Nb3 b4 48. g5 fxg5 49. hxg5 Kb5 50. Nd2 Kc5 51. Kg3 Kd4 52. f4 h4+ 53. Kxh4
exf4 54. Kg4 Ke3 55. e5 Kxd2 56. e6 b3 57. e7 b2 58. e8=Q b1=Q 59. Kxf4 Qf5+
60. Kg3 Qxg5+ 61. Kf3 Qf5+ 62. Kg3 g5 63. Qd8+ Ke1 64. Qd4 Qf4+ 1/2-1/2